Nová SARIO chce byť užitočnejšia ako skrachovaná predchodkyňa

Zahraničné investície na Slovensko v r. 2001 výrazne zaostali za rekordným r. 2000. Slovenská agentúra pre rozvoj investícií a obchodu (SARIO) - prioritou je zvýšenie prílevu priamych zahraničných investícií na Slovensko. Transformácia agentúry. Zmena prístupu - aktívne vyhľadávanie investorov. Spol...

ver descrição completa

Na minha lista:
Detalhes bibliográficos
Autor principal: Sedlák, Miro
Formato: Capítulo de Livro
Idioma:eslovaco
Assuntos:
Tags: Adicionar Tag
Sem tags, seja o primeiro a adicionar uma tag!

MARC

LEADER 00000naa a2200000 4500
001 r044694
005 20230921113143.3
041 0 |a slo 
044 |a SK 
245 1 0 |a Nová SARIO chce byť užitočnejšia ako skrachovaná predchodkyňa  |c Miro Sedlák 
520 |a Zahraničné investície na Slovensko v r. 2001 výrazne zaostali za rekordným r. 2000. Slovenská agentúra pre rozvoj investícií a obchodu (SARIO) - prioritou je zvýšenie prílevu priamych zahraničných investícií na Slovensko. Transformácia agentúry. Zmena prístupu - aktívne vyhľadávanie investorov. Spolupráca s regiónmi. 
610 2 0 |a investície zahraničné 
610 2 0 |a investície priame zahraničné 
610 2 0 |a investori 
610 2 0 |a regióny 
610 2 0 |a agentúry 
610 2 0 |a SARIO 
610 2 0 |a 2001 
610 2 0 |a Slovensko 
100 1 |a Sedlák, Miro